000 00315nam a2200121Ia 4500
008 240731s9999 xx 000 0 und d
022 _a1651-2006
245 0 _aScandinavian Cardiovascular Journal
260 _bTaylor & Francis
856 _uhttps://www.tandfonline.com/loi/icdv20
942 _2ddc
942 _cTFEJ
999 _c79302
_d79302
945 _a1
_bMadushi Gamage
_c1
_dMadushi Gamage